| 000 | 00328nam a22001337a 4500 | ||
|---|---|---|---|
| 999 |
_c15749 _d15749 |
||
| 003 | OSt | ||
| 008 | 190926b ||||| |||| 00| 0 eng d | ||
| 082 |
_a894.8123 _bPAD/VA |
||
| 100 |
_aPadmarajan,P. _94287 |
||
| 245 | _aVadakakku oru hridayam | ||
| 260 |
_aThrissur _bCurrent Books _c 2005 |
||
| 650 |
_aNovel _94288 |
||
| 942 | _cBK | ||